[Event "Linares 17th"]
[Site "Linares"]
[Date "2000.03.08"]
[Round "8"]
[White "Khalifman, Alexander"]
[Black "Leko, Peter"]
[Result "1-0"]
[WhiteElo "2656"]
[BlackElo "2725"]
[Annotator "Krasenkow,M"]
[PlyCount "93"]
[EventDate "2000.02.28"]
[EventType "tourn"]
[EventRounds "10"]
[EventCountry "ESP"]
[EventCategory "21"]
[SourceTitle "CBM 076"]
[Source "ChessBase"]
[SourceDate "2000.05.31"]
[SourceVersion "1"]
[SourceVersionDate "2000.05.31"]
[SourceQuality "1"]

1. d4 {Ftacnik} Nf6 2. Nf3 g6 3. c4 Bg7 4. Nc3 d5 5. cxd5 Nxd5 6. e4 Nxc3 7.
bxc3 c5 8. Rb1 O-O 9. Be2 cxd4 10. cxd4 Qa5+ 11. Bd2 Qxa2 12. O-O Bg4 13. Bg5
h6 14. Be3 Nc6 15. d5 Ne5 {This move is rarely successful in the Gruenfeld. e5
is not the safest square for the black knight. However, in this position it's
quite popular. Alternatives are:} (15... Na5 {or}) (15... Bxf3) 16. Rxb7 (16.
Rb4 $5 Bxf3 17. gxf3 b5 (17... b6 $4 18. Ra4 Qb2 19. Bd4 $18 {1-0 Ruiz,R-Sion,
M/Pamplona op/1995/ (26)}) 18. Bxb5 (18. Rxb5 Rfb8) 18... a5 19. Ra4 Qb2) (16.
Re1 Bxf3 17. gxf3 g5 $5 18. Rxb7 Ng6 19. Qb1 Qxb1 20. Rexb1 a5 21. R1b3 Be5 22.
Ra3 Bd6 23. Ra4 Bb4 24. h4 Nxh4 25. f4 gxf4 26. Bxf4 Kh7 27. Bg3 Ng6 28. e5 Rg8
29. d6 Rab8 30. Rxb8 Rxb8 31. d7 e6 {1/2-1/2 Haba,P-Votava,J/CZE-ch 1999})
16... e6 17. d6 (17. Re1 Bxf3 18. gxf3 Rfd8 19. Rb4 $5 (19. d6 {leads to a
transposition of moves}) (19. f4 Nc4 20. Qb1 Qxb1 21. Rexb1 exd5 {1/2-1/2
Richter,M-Horvath,C/FSGM December 1999}) 19... exd5 (19... Qa5 20. Ra4 Qc7 21.
f4 Nd7 22. d6 Qc3 23. e5 g5 24. Bd4 Qc6 25. Bf3 Qb5 26. Bxa8 Rxa8 27. Qf3 Rc8
28. Rxa7 Qb4 29. Rd1 {1-0 Letreguilly,O-Duquesnoy,J/ch-FRA (team) 1999}) (19...
Qa3 20. Ra4 Qf8 21. Ba6 f5 22. Kg2 exd5 23. exd5 Qf7 24. d6 Kh7 25. Bf4 Re8 26.
Bb5 Nd7 27. Re7 Rxe7 28. dxe7 Nf6 29. Qd8 Qg8 30. Bc7 Qd5 31. Qxd5 Nxd5 32. Bc6
Nxc7 33. Bxa8 {1-0 Letreguilly,O-Blandnet,J/Open 2000}) 20. Ra4 Qb2 21. exd5
Nc6 $5 $13) (17. dxe6 {is harmless:} Nxf3+ 18. Bxf3 Bxe6 19. e5 Rfd8 20. Rxa7 {
1/2-1/2 Kalantarian,N-Holmsten,A/Ciudad de Ubeda op 5th 2000}) 17... Rfd8 18.
Re1 Bxf3 (18... Qa5 $2 19. Rb5 Qc3 20. Rc5 Qb2 21. Nxe5 Bxe5 22. Bxg4 Bxd6 23.
Qc1 {1-0 Biriukov,O-Rogovoi,M/White Nights 1999}) 19. gxf3 Qa5 {/\ Rd6 Black
should parry the f3-f4 and e4-e5 threat. The other possibility: Schwarz will
seine Eröffnungsprobleme mit Hilfe des ungedeckten Re1 lösen.} (19... Qa3 {
is insufficient in view of} 20. f4 $1 (20. d7 Qe7 21. Bb5 Qh4 22. Bf1 {1/2-1/2
Gelfand,B-Ivanchuk,V/Manila (izt) 1990}) 20... Rxd6 21. Qc1 $1 (21. Qb1 Nc6 22.
Rxf7 Kxf7 23. Qb7+ Ne7 24. Qxa8 Bd4 $132) (21. Qc2 Rc6 22. Qd2 Rd6 23. Rb3 $5
Qxb3 24. Qxd6 Nc4 $1 25. Qc6 Nxe3 26. Qxa8+ Kh7 27. Qxa7 Qc3 28. Rb1 Qc2 29.
Qxe3 {1/2-1/2 Solozhenkin,E-Daniliuk,S/RUS-ch Elista 1995}) 21... Qxc1 22. Rxc1
{The black knight is now trapped in the very centre of the board!} Nc6 23. e5
Nd4 24. Rcc7 $1 Nxe2+ 25. Kf1 Rdd8 26. Rxf7 Bf8 $2 (26... Bh8 27. Kxe2 $16) 27.
Kxe2 Rdb8 28. Rxb8 Rxb8 29. Rf6 $1 $18 {Gelfand,B-Kamsky,G/Dos Hermanas 1996/
1-0 (46)}) 20. Rf1 ({After} 20. Bd2 Qa2 {the bishop must come back:} 21. Be3) (
{Loses material} 20. d7 $2 Rxd7 21. Rxd7 Nxd7 {or}) (20. Rb5 $2 Nxf3+ $1) 20...
Bf8 (20... Qa3 {is not enough for equality:} 21. f4 Rxd6 22. Qc1 (22. Qb1 $5
Nc6 23. Rxf7 Rb8 24. Rb7 Rxb7 25. Qxb7 Nd4) 22... Qa2 23. Bb5 $1 Nf3+ (23...
Nc6 $2 24. Bxc6 Rc8 25. Bd5 $1 {1-0 Pelletier,Y-Jelen,I/Dresden (zt) Inf 72/
(422) 1998}) 24. Kg2 Nh4+ 25. Kh3 e5 $1 26. Qc4 (26. Bc4 Qa5 27. Bxf7+ Kh8 28.
Kxh4 exf4 29. Bxf4 g5+ $13) 26... Qxc4 27. Bxc4 exf4 28. Rxf7 Kh7 29. Bxf4 (29.
Bc5 Rf6 30. Kxh4 Rc8 31. Be7 Rxf7 32. Bxf7 Rc7) 29... Rf6 30. Rxf6 Bxf6 31. e5
$14 {Pelletier,Y}) (20... g5 21. f4 {or}) (20... Rd7 21. Rxd7 Nxd7 22. Qc1 $1 {
(Ftacnik,L) yields White the better chances, too.}) 21. d7 (21. Rb5 $2 Qa2 22.
Rxe5 $140 $2 Bxd6 23. Rb5 Bxh2+ 24. Kxh2 Rxd1 25. Bxd1 Qc4 $19 {Kasparov,G})
21... Qa2 {The point of Black's idea: because of the poor position of the e2
bishop 22...Rxd7 is threatened.} 22. Bb5 (22. Re1 Qa5 $1 {again threatening 23.
..Rxd7} 23. Rf1 (23. Kf1 Nxf3 24. Bxf3 Qa6+ 25. Kg1 Qxb7 26. e5 Qc7 27. Bxa8
Rxa8 $13) 23... Qa2 {is just a repetition of moves. Kramnik,V-Kasparov,G/
Linares Inf 72/422 1998 (25) ended in a draw this way.}) 22... a6 23. Ba4 $1 {
A good move underestimated by Leko (and perhaps by Kasparov?).} (23. f4 axb5
24. fxe5 Qa6 25. Rc7 b4 $13 {Kasparov,G}) 23... Nxf3+ 24. Kg2 (24. Qxf3 Qxa4
25. Rd1 Qc6 26. Rb6 Qc7 27. e5 Rxd7 $1 28. Rxd7 Qxd7 29. Qxa8 Qd1+ 30. Kg2 Qg4+
$11 {Kasparov,G}) 24... Ne5 {'!?' Ftacnik. Ftacnik: 'It is rather surprising,
that Leko was willing to defend this dubious position. The experiences for
black were rather discouraging so far, d7 pawn is just too strong.'} (24...
Nh4+ $142 25. Kh3 $1 {An important improvement introduced by P.Haba.} ({
Kasparov only analysed} 25. Kh1 Qc4 26. f3 Be7 27. Bb6 Rf8 $13 {However, the
text move is stronger: the white king takes part in the attack! Cranky
Steinitz was sometimes right! Those who are unaware of the classics of the
19th century can recall a more recent example: Alekhine-Capablanca/AVRO/1938.})
25... Qc4 {'?' Ftacnik.} (25... g5 $5 {Ftacnik}) 26. f3 Be7 $6 (26... g5 {
,freeing the g6 square for the knight, was probably more appropriate:} 27. Rf2
(27. Bb6 $6 Ng6 $1 28. Bxd8 Nf4+ 29. Kg3 Rxd8 30. Rf2 Bg7) 27... Qc3 $5 {
needs further investigation. Black seems to hold his ground:} (27... e5 28. Qb3
{(the queen is trapped!)} Qxb3 29. Bxb3 {the endgame is better for White, e.g.:
} Be7 (29... Rab8 30. Rxb8 Rxb8 31. Rc2 Rxb3 (31... Rd8 32. Ba4) 32. Bxg5 $1 (
32. d8=Q Rxe3 33. Rc8 Rxf3+ 34. Kg4 Rf4+ $11) 32... Nxf3 (32... Rd3 33. d8=Q
Rxd8 34. Bxd8 Nxf3 35. Ra2 $16) 33. d8=Q Nxg5+ 34. Kg4 $16) 30. Rc2 {and Black
is completely tied up.}) 28. Bd4 (28. Qd2 Qa1) (28. Qd4 Qe1) 28... Qa3 29. Bb6
(29. Bb2 Qe7 30. f4 $13) 29... Ng6 30. Bxd8 Nf4+ 31. Kg3 Rxd8 $44) 27. Rf2 Qc3
(27... e5 28. Bb3 Qc6 29. Bd5 Qd6 (29... Qf6 30. Rb6 $18) 30. f4 $16) 28. Qd4 {
'!' Ftacnik.} Qa5 $2 (28... Qxd4 29. Bxd4 $16 {_|_}) 29. Bxh6 {Ftacnik: '1-0/
Haba,P-Skyte/Capelle op/2000/ (31)'} Bf8 $2 (29... e5 30. Qc4 {was quite poor
anyway}) 30. Bxf8 Rxf8 31. Kxh4 Kh7 32. Kh3 {1-0 Haba,P-Skytte,R/16th open 2000
}) (24... Ng5 {Ftacnik} 25. Qc2 Qa3 26. Rd1 e5 27. Bc6 Qe7 28. Rb3 Rab8 29.
Rxb8 Rxb8 30. Qc3 Bg7 31. Bc5 Qf6 32. Bd6 $16 {Pelletier,Y-Stohl,I/Mitropa Cup/
1998/ (50)}) 25. Bb6 Qc4 26. Qd4 $1 {After the exchange of queens White's
bishop pair and passed d7 pawn guarantee him a huge advantage in the endgame.}
({Of course, much inferior was} 26. f3 g5 $1 (26... Qb4 27. Bxd8 Qxb7 28. Bf6
Nc4 29. Qd4) 27. Bxd8 Rxd8 $44 {[%csl Ge5]}) 26... Qxd4 (26... Qe2 {Ftacnik}
27. Qxe5 Qg4+ 28. Qg3 Qxe4+ 29. Qf3 Qxa4 30. Rc1 $18) 27. Bxd4 Nd3 ({After} 
27... Bg7 28. Bb6 Rf8 {White wins in a nice way:} 29. Rd1 Bf6 30. Bc7 $1 Kg7 (
30... g5 31. d8=Q Rfxd8 32. Rxd8+ Rxd8 33. Bxd8 Bxd8 34. Rb8 $18) 31. Rb4 $1 g5
32. Rbd4 $1 $18 {Pay attention to the fate of Black's poor e5 knight!}) 28. Bc6
{[%cal Rd4b6,Rd4f6,Rb7b3] Now White has a lot of threats!} Nc5 (28... Nb4 {
Ftacnik} 29. Rc1 $16 (29. Ba4 Nd3 $5)) 29. Rc7 $1 Bd6 30. Bxc5 $1 Bxc7 31. Bxa8
Rxa8 32. Be7 $1 {The point of White's combination. In spite of his extra pawn,
Black has no defense against 33.Rc1. Ftacnik: 'Now it became clear, that white
d pawn will decide the game.'} Rd8 (32... f5 33. Rc1 Kf7 34. Rxc7 Kxe7 35. Rc8
$18) (32... Bd8 {Ftacnik} 33. Rc1 $1 Bxe7 34. Rc8+ $18) 33. Rd1 f5 34. Bxd8
Bxd8 35. exf5 gxf5 36. Rd6 Kf7 37. Rxa6 {Ftacnik: 'This endgame is not even
technically difficult for white.'} Ke7 38. Kg3 Bc7+ (38... Kxd7 39. Ra7+ Kd6
40. Rh7 $18) 39. Kh4 Kxd7 (39... Bxh2 40. Rxe6+ Kxd7 41. Rxh6 $18) 40. Ra7 $1 {
Well-judged! The pawn endgame with an outside passed pawn is the simplest way
to win.} Kc6 41. Rxc7+ Kxc7 42. Kh5 e5 (42... Kd6 43. Kxh6 Ke7 44. Kg6 $18) 43.
Kxh6 Kd6 44. Kg5 Ke6 45. h4 f4 46. h5 f3 47. Kg4 1-0

[Event "Japfa Classic"]
[Site "Bali"]
[Date "2000.04.30"]
[Round "8"]
[White "Timman, Jan H"]
[Black "Khalifman, Alexander"]
[Result "0-1"]
[WhiteElo "2655"]
[BlackElo "2656"]
[Annotator "Psakhis,L"]
[PlyCount "52"]
[EventDate "2000.04.22"]
[EventType "tourn"]
[EventRounds "9"]
[EventCountry "INA"]
[EventCategory "16"]
[SourceTitle "CBM 077"]
[Source "ChessBase"]
[SourceDate "2000.07.27"]
[SourceVersion "1"]
[SourceVersionDate "2000.07.27"]
[SourceQuality "1"]

1. e4 e6 2. d4 d5 3. Nc3 Bb4 4. e5 c5 5. a3 Ba5 {Alexander Khalifman often
used this risky and complicated line in last tournaments.} 6. b4 (6. Bd2 Nc6 7.
Qg4 $5) 6... cxd4 7. Qg4 Ne7 8. Nb5 Bc7 9. Qxg7 Rg8 10. Qxh7 a6 11. Nxc7+ Qxc7
12. Bb2 (12. Ne2 Qxe5 13. f4 Qf6 14. Bb2 Nbc6 15. Qd3 Nf5 16. O-O-O Qh6 17. Re1
Bd7 18. Kb1 Rc8 19. Nxd4 Nfxd4 20. Bxd4 Qxf4 21. Bb2 Ne7 22. g3 Qf2 {0-1
Elliott,S-Spence,D/BCF t-ch2 9900 2000 (51)}) 12... Qxe5+ 13. Ne2 Qc7 (13...
Nbc6 14. O-O-O Qf6 15. f4 e5 16. fxe5 Qg5+ 17. Kb1 Bf5 18. h4 Qe3 19. Qh5 Nxe5
20. Nxd4 Bg4 21. Rh3 Qe4 22. Qh6 Bxd1 23. Re3 Ng4 24. Rxe4 Nxh6 25. Re5 Bg4 {
0-1 Devide,Z-Zaja,I/Zagreb 1997 (36)}) 14. Ng3 $2 $146 {It is difficult to
explain reasons why Timman made this move. According to theory, white keep
small edge after} (14. f4 $142 $1 Nbc6 15. Qd3 (15. O-O-O $2 e5 16. fxe5 Bf5
17. Qh6 Nxb4 18. c3 Na2+ 19. Kd2 dxc3+ 20. Nxc3 Nxc3 21. Bxc3 d4 22. Bb4 Qc2+
23. Ke1 Qe4+ 24. Kf2 Rg6 $19 {0-1 Soentges,K-Reinhardt,W/corr 1988 (30)}) 15...
Nf5 16. O-O-O {for example} Bd7 17. Re1 Rc8 18. Kb1 Nce7 19. Nxd4 Nxd4 20. Bxd4
Qxf4 21. g3 Qf5 22. Qd2 Rg4 23. Bb2 Bb5 24. Bd3 Bxd3 25. cxd3 $14 {1-0 Nunn,
J-Kinsman,A/London LB 1993 (36)}) 14... e5 {[%csl Gd4,Gd5,Ge5]} 15. Be2 ({
Maybe Jan missed in preparation that after} 15. Nh5 Qb6 $5 (15... Bf5 $2 16.
Nf6+ Kd8 17. Qh4 $5 $16) 16. f4 $140 Kf8 {[%cal Rc8f5] his queen will be in
danger?}) 15... Be6 {Black is very close to finish development and his
advantage is obvious now.} 16. f4 $2 {[%mdl 8192] Terrible blunder} (16. O-O {
[%cal Gf2f4] was the last chance to organize resistance.}) 16... exf4 17. Nh5
Qe5 {[%csl Re1][%cal Rg8g2]} 18. O-O Bf5 $1 $19 {[%csl Rh7] And everything
became clear- Black wins game by force.} 19. Qh6 Rg6 $1 20. Qxf4 Rxg2+ $1 21.
Kxg2 Qxe2+ 22. Kg3 Qxh5 23. Bxd4 Nbc6 24. Rae1 Nxd4 25. Qxd4 Qh3+ 26. Kf2 Qxh2+
(26... Qxh2+ 27. Ke3 Rc8 $19) 0-1

[Event "Hoogeveen Essent Crown"]
[Site "Hoogeveen"]
[Date "2000.10.17"]
[Round "3"]
[White "Polgar, Judit"]
[Black "Khalifman, Alexander"]
[Result "0-1"]
[WhiteElo "2656"]
[BlackElo "2667"]
[Annotator "Psakhis,L"]
[PlyCount "74"]
[EventDate "2000.10.15"]
[EventType "tourn"]
[EventRounds "6"]
[EventCountry "NED"]
[EventCategory "16"]
[SourceTitle "CBM 080"]
[Source "ChessBase"]
[SourceDate "2001.01.25"]
[SourceVersion "1"]
[SourceVersionDate "2001.01.25"]
[SourceQuality "1"]

1. e4 e6 2. d4 d5 3. Nc3 Bb4 4. e5 c5 5. a3 Ba5 6. b4 cxd4 7. Qg4 Ne7 8. bxa5
dxc3 9. Qxg7 Rg8 10. Qxh7 Nbc6 11. Nf3 Qc7 12. Bf4 Bd7 13. Bd3 O-O-O 14. Bg3
Qxa5 15. O-O Rh8 $1 {It is interesting why Judit decided to repeat this line -
just two round ago Khalifman won nice game against Galkin - without preparing
real improvement.} 16. Qg7 $146 (16. Qxf7 Rdf8 17. Qg7 Rhg8 18. Qh6 Rxf3 19.
gxf3 Nd4 20. Qf4 Nef5 21. Kh1 Bb5 22. Rfd1 Bxd3 23. Rxd3 Qc5 24. Qc1 Kb8 $15 {
0-1 Galkin,A-Khalifman,A/Hoogeveen Essent 2000/ (37)}) 16... d4 17. Qg4 Nf5 $1
{[%mdl 4] Black manage to keep material balance ( rare achievement in this
variation! ) and I think that his position already better.} 18. Rfb1 (18. Bxf5
exf5 19. Qf4 Be6 {[%cal Ga5a4]}) 18... Nxg3 {Eliminating main defender of e5
pawn.} (18... Rdg8 19. Qf4 Nxg3 20. hxg3 $13) 19. Qxg3 {What else?} (19. hxg3
$2 Nxe5 20. Qxd4 Nxf3+ 21. gxf3 Qh5 $17 {lose almost by force}) 19... Qc7 $1 {
[%cal Gc7g3]} 20. Kf1 {Trying to escape fronm the dangerous zone.} (20. Qf4 f5)
20... Rhg8 21. Qf4 (21. Qh4 Nxe5) 21... f5 $1 {[%cal Gg8g4]} ({Worth
consideration and} 21... f6 $5 22. Qxf6 Rdf8 23. Qh4 Nxe5) 22. h3 Kb8 $5 {
Khalifman hasn't reasons to hurry up and find  time to improve position of the
king} 23. Re1 (23. Nxd4 $2 Nxd4 24. Qxd4 Bc6 $19) 23... Bc8 {[%cal Gb7b6]} 24.
Ng5 Rd5 (24... Qg7 25. h4 Ne7 $5 $17 {[%cal Ge7d5,Ge7g6]}) 25. Nf3 $8 Ne7 (
25... Qg7) 26. Rab1 ({Maybe} 26. Nxd4 $5 {was better, at least after posiible
continuation} Ng6 27. Qe3 f4 28. Qe4 Rxe5 29. Qf3 Nh4 30. Rxe5 $8 Nxf3 31. Nxf3
$17 {White have chances for successful defence.}) 26... Ng6 27. Qh2 (27. Qg5
Rg7 $1 {[%csl Re5]}) 27... Qh7 {Black's pieses coming to the king's fland one
after another.} 28. Rb4 (28. Rb5 $5 Rd7 $5 {[%cal Gd7g7]}) 28... Nh4 $19 29.
Nxd4 (29. Nxh4 Qxh4 {[%csl Rf1,Rh2,Gh4] looks terrible for White}) 29... Nxg2
30. Reb1 Qd7 31. Ne2 (31. Bb5 Qd8 32. Nc6+ bxc6 33. Bxc6+ Kc7 34. Bxd5 Qxd5 $19
) 31... Rxd3 $1 {Nice end of good game!} 32. cxd3 Qxd3 {[%csl Rf1,Rh2][%cal
Rd3f1]} 33. Rc1 c2 {[%cal Gb7b6,Gc8a6]} 34. Rd4 $8 Qf3 35. Nf4 (35. h4 b6)
35... b6 $1 36. Nxg2 Ba6+ 37. Kg1 Bb7 0-1

[Event "Hoogeveen Essent Crown"]
[Site "Hoogeveen"]
[Date "2000.10.20"]
[Round "5"]
[White "Khalifman, Alexander"]
[Black "Polgar, Judit"]
[Result "1-0"]
[WhiteElo "2667"]
[BlackElo "2656"]
[Annotator "Stohl,I"]
[PlyCount "83"]
[EventDate "2000.10.15"]
[EventType "tourn"]
[EventRounds "6"]
[EventCountry "NED"]
[EventCategory "16"]
[SourceTitle "CBM 080"]
[Source "ChessBase"]
[SourceDate "2001.01.25"]
[SourceVersion "1"]
[SourceVersionDate "2001.01.25"]
[SourceQuality "1"]

1. d4 Nf6 2. c4 e6 3. Nf3 c5 4. d5 d6 5. Nc3 exd5 6. cxd5 g6 7. e4 Bg7 8. h3
O-O 9. Bd3 a6 $6 {In this line it's imperative for Black to create effective
<=> as soon as possible, thus} (9... b5 {has profiled itself as the most
promising (and arguably only satisfactory) continuation.} 10. Bxb5 Nxe4 11.
Nxe4 Qa5+ 12. Nfd2 Qxb5 13. Nxd6 Qa6 14. N2c4 Nd7 15. O-O Nb6 16. Nxb6 Qxb6 17.
Nxc8 Raxc8 18. Rb1 Rfd8 19. Bf4 Qb7 20. d6 Bf8 21. Qd3 Bxd6 22. Bxd6 Rc6 23.
Rfd1 Rcxd6 24. Qxd6 Rxd6 25. Rxd6 Kg7 $146 (25... c4 $5 $11 {/+/=}) 26. Rd2 Qa6
27. a3 Qc4 28. Re1 h5 29. Rde2 h4 30. Re4 Qb3 31. Rxh4 Qxb2 32. Rc4 $14 {
Kolev,A-Suba,M/Mallorca op/2000/}) 10. a4 Qc7 (10... Re8 11. O-O c4 12. Bc2 $16
{This line is playable without the moves a4 and a6, which allows an immediate
b5.}) 11. O-O Nbd7 12. Re1 (12. Bf4 Re8 13. Qd2 Nh5 14. Bh6 Ne5 15. Nxe5 Bxh6
16. Qxh6 dxe5 17. Rfc1 Bd7 18. Bf1 Nf6 19. Qe3 b6 20. Nb1 a5 21. b3 Rf8 22. Na3
Ne8 23. Bb5 Nd6 24. Bxd7 Qxd7 25. Nc4 $16 {Salov,V-Hjartarson,J/Amsterdam/1989/
}) 12... Re8 13. Bf4 Rb8 14. Bc4 (14. Qd2 c4 15. Bc2 $36 {/\} Nc5 16. e5 $1
dxe5 17. d6 $16) 14... Nb6 (14... Nh5 $5 15. Bh2 Ne5 16. Be2 (16. Nxe5 dxe5 17.
d6 Qd8 18. Qf3 Rf8 19. g4 Qg5 20. Kh1 Nf6 21. Qg3 Re8 22. f4 exf4 {Belmonte,
D-Acosta,T/Salta/1993/} 23. Qxf4 Qxf4 24. Bxf4 Be6 25. d7 Bxc4 $44) 16... Nxf3+
(16... Qe7 17. Nxe5 Bxe5 18. Bxe5 (18. Bxh5 Bxh2+ 19. Kxh2 Qe5+ 20. g3 Qxh5 21.
Qxh5 gxh5 22. f4 $14 {Hrbolka,L-Orsag,M/Plzen/1999/}) 18... Qxe5 19. Bxh5 Qxh5
20. Qxh5 gxh5 21. f4 f6 22. Kf2 Re7 23. Re3 Bd7 {Szelenyi,N-Juhasz,J/HUN-chT/
1998/} 24. a5 b5 25. axb6 Rxb6 26. Ra2 $36 {[%csl Ra6,Rd6,Rf6,Rh5,Rh7] _|_ק})
17. Bxf3 Nf6 18. e5 dxe5 19. d6 Qa5 (19... Qd7 20. Bxe5 Re6 21. Qd2 Ne4 22.
Nxe4 Rxe5 23. Bg4 $1 f5 24. Ng5 Rxe1+ 25. Rxe1 Bd4 26. b4 $1 Qxd6 27. Qa2+ Kg7
28. Qf7+ Kh6 29. h4 $18 {Kozul,Z-Kljako,D/Bled op/1993/}) 20. Bxe5 Bd7 {
Lima,D-Peralta,E/Sao Paulo/1991/} 21. Qd2 $14) 15. Bf1 {[%cal Re4e5] /\e5} Nfd7
16. Rc1 {Not the only promising move for White.} (16. Qd2 f6 17. a5 Na8 18.
Rec1 Ne5 19. b4 cxb4 20. Nd1 Qe7 21. Nxe5 fxe5 22. Be3 b5 23. axb6 Nxb6 24.
Qxb4 Nd7 25. Qe1 $16 {Brumen,D-Kljako,D/Pula op/2000/}) (16. a5 $5 Na8 17. Nd2
(17. Ra3 $5 b5 18. axb6 Rxb6 19. Qa1 $16) 17... b5 18. axb6 Naxb6 19. Bxa6 Bxa6
20. Rxa6 Ne5 21. Qe2 c4 22. Bxe5 Bxe5 23. Qe3 Rb7 (23... Bxc3 $1 24. bxc3 Nxd5
25. Qd4 Qc5 26. Nxc4 Nxc3 $1 27. Qxc3 d5 $14) 24. Na4 Nxa4 25. Rxa4 c3 26. bxc3
Qxc3 27. Nf3 $16 {Karpov,A-Timman,J/FIDE WCh Kuala Lumpur/1990/}) 16... Ne5 17.
Nxe5 Bxe5 18. Bxe5 dxe5 $146 (18... Rxe5 $143 19. f4 Re8 20. e5 $1 Bf5 (20...
dxe5 21. d6 $16) 21. a5 Nc8 22. e6 c4 23. g4 Qc5+ 24. Kh1 Bd3 25. Bxd3 cxd3 26.
Qxd3 Qf2 27. Ne4 $18 {Adler,J-Kljako,D/Bled op/1992/}) 19. Qd2 {Despite the
improvement on move 18 Black hasn't solved the opening problems. Khalifman
decides to play for the attack, a positional course was also enticing:} (19. a5
Nd7 20. Qa4 (20. Ra1 $14) 20... b5 21. axb6 Rxb6 22. Qa5 $1 $36 {[%csl Ra6,Rc5]
}) 19... Nd7 $6 {Ignoring development backfires.} (19... Bd7 $5 20. a5 (20. d6
Qd8 21. a5 Nc8 $132) (20. b3 Nc8 21. d6 Nxd6 22. Nd5 Qd8 23. Rxc5 Rc8 $11) (20.
b4 cxb4 21. Nb5 Qd8 22. Nd6 a5 $5 $44) 20... Nc8 21. Nb1 Nd6 22. Na3 $14) 20.
d6 $1 Qa5 21. Red1 $32 {[%csl Gd6,Rf6,Rg7,Rh6] o^d6,עg8} Kg7 (21... b5 22.
axb5 axb5 23. Ra1 (23. Nd5 Qxd2 24. Rxd2 c4 25. Ra1 $36) 23... Qb4 24. Ra7 $16
(24. Nd5 Qxe4 25. Ra7 Bb7 $14)) 22. Qe3 b6 {[%csl Ra5] ףa5} (22... b5 23. axb5
axb5 24. Nd5 $16) 23. b3 $1 Bb7 24. Bc4 {White patiently prepares his attack,
Black's Q is offside.} Bc6 25. Bd5 Rbc8 26. f4 $1 $40 {[%mdl 128]} b5 (26... f6
27. f5 $16) 27. axb5 axb5 28. fxe5 Rxe5 (28... Nxe5 29. Qxc5 $5 (29. Bxc6 Rxc6
30. Rd5 $16) 29... Bxd5 30. Qxd5 Rxc3 31. d7 Nxd7 32. Qd4+ $16) 29. Qf4 Bxd5 (
29... f6 30. Bxc6 Rxc6 31. Ra1 $5 (31. Qg4 $16) 31... Qxc3 32. Ra7 $40) (29...
f5 $142 30. Bxc6 Rxc6 31. exf5 (31. Rd5 Qb4 $1 32. Rxe5 Qd4+ 33. Kh2 Nxe5 34.
Nxb5 Qxe4 35. Qxe4 fxe4 $14) (31. Ra1 $5 Qxc3 32. Ra7 Rxe4 33. Rxd7+ Kf6 34.
Qh6 $40) 31... Rxf5 32. Qe4 $16) 30. Nxd5 Qd8 31. Ne7 $18 Ra8 (31... Rxe7 32.
dxe7 Qxe7 33. Qd6 Qxd6 34. Rxd6 $18) 32. Nc6 Qg5 $8 33. Qxg5 Rxg5 34. Ra1 Rxa1
(34... Rc8 35. Ne7 Rd8 36. Ra5 $18) 35. Rxa1 c4 (35... Kf6 36. Rf1+ $1 (36. Ra7
Ne5 $1 $11) 36... Ke6 (36... Kg7 37. Nd8 $18) 37. Nd8+ Kxd6 38. Nxf7+ $18) 36.
bxc4 bxc4 37. Ra7 c3 (37... Rc5 38. Nd4 Nf8 39. d7 $18) 38. Nd4 $1 Rc5 39. Nc2
Rb5 {Black loses his N even after} (39... Nf8 40. d7 Ne6 41. Ra6 $1 (41. Ra8
Rb5 42. d8=Q Nxd8 43. Rxd8 Rb2 $11) (41. Nd4 Nd8 42. Ra8 c2 43. Nxc2 Rxc2 44.
Rxd8 Rd2 45. e5 $18) 41... Rc7 (41... Nd8 42. Ra8 $18) 42. Rxe6 Rxd7 43. Rc6
$18) 40. Rxd7 Rb2 41. Ne3 Re2 42. Nd5 (42. Nd5 c2 43. Rc7 Re1+ 44. Kf2 c1=Q 45.
Rxc1 Rxc1 46. d7 Rc2+ 47. Kf3 $18) 1-0